LEADER 00754nam0-22002891i-450- 001 990001708870403321 005 20101227191857.0 035 $a000170887 035 $aFED01000170887 035 $a(Aleph)000170887FED01 035 $a000170887 100 $a20030910d1966----km-y0itay50------ba 101 0 $aita 102 $aIT 200 1 $aFloricoltura industriale$fStefano Bensa 210 $aBologna$cEd. Agricole$d1966 215 $aXI, 581 p.$d25 cm 610 0 $aFloricoltura 676 $a635.9 700 1$aBensa,$bStefano$070960 801 0$aIT$bUNINA$gRICA$2UNIMARC 901 $aBK 912 $a990001708870403321 952 $a60 635.9 B 14$b41153$fFAGBC 959 $aFAGBC 996 $aFloricoltura industriale$974629 997 $aUNINA LEADER 00920cam0-2200325---450- 001 990005067890403321 005 20090527102211.0 010 $a0-582-52202-1 035 $a000506789 035 $aFED01000506789 035 $a(Aleph)000506789FED01 035 $a000506789 100 $a19990604d1972----km-y0itay50------ba 101 0 $aeng 102 $aGB 105 $ay-------001yy 200 1 $aEnglish in advertising$ea linguistic study of advertising in Great Britain$fGeoffrey N. Leech 210 $aLondon$cLongman$d1972 215 $aXIV, 210 p.$d22 cm 610 0 $aPubblicità$aLinguaggio$aInghilterra 676 $a659.132 676 $a428 700 1$aLeech,$bGeoffrey$f<1936-2014> 801 0$aIT$bUNINA$gRICA$2UNIMARC 901 $aBK 912 $a990005067890403321 952 $a428 LEE 1$bFil.Mod. 22796$fFLFBC 959 $aFLFBC 996 $aEnglish in advertising$9490980 997 $aUNINA